[Event "Rome Accademia Autunno op"]
[Site "Rome"]
[Date "2006.10.22"]
[Round "4"]
[White "Nicolai, Antonio"]
[Black "Maddaloni, Giovanni"]
[Result "0-1"]
[WhiteElo "1748"]
[BlackElo "1843"]
[PlyCount "112"]
[EventDate "2006.10.20"]
[EventType "swiss"]
[EventRounds "5"]
[EventCountry "ITA"]
[SourceTitle "EXT 2023"]
[Source "ChessBase"]
[SourceDate "2022.10.05"]
[SourceVersion "1"]
[SourceVersionDate "2022.10.05"]
[SourceQuality "1"]

1. d4 Nf6 2. b4 c6 3. Bb2 d5 4. a3 e6 5. e3 a5 6. c3 axb4 7. cxb4 Bd6 8. Nf3 Nbd7 9. Bd3 0-0 10. 0-0 Re8 11. Nbd2 e5 12. dxe5 Nxe5 13. Bxe5 Bxe5 14. Nxe5 Rxe5 15. Qc2 Bg4 16. Rfe1 Bh5 17. f4 Re7 18. Nf1 Ne4 19. Bxe4 Rxe4 20. Ng3 Rc4 21. Qd2 Qh4 22. Nxh5 Qxh5 23. Ra2 Re8 24. Rc2 Rce4 25. Qf2 d4 26. Rc5 dxe3 27. Qg3 Qg6 28. Re5 R8xe5 29. fxe5 Qxg3 30. hxg3 Rxe5 31. Kf1 f5 32. Ke2 Kf7 33. Kf3 Ke6 34. Rxe3 g5 35. Rd3 Rd5 36. Re3+ Kf6 37. Rc3 h5 38. Re3 g4+ 39. Kf2 Rd4 40. Ke1 f4 41. gxf4 Rxf4 42. Re8 Rd4 43. Rb8 Rd7 44. Ke2 h4 45. Kf2 Rg7 46. Rh8 g3+ 47. Kf3 Kg5 48. Rf8 Rg6 49. Rf7 b5 50. Rf4 Kh5 51. Rf5+ Kh6 52. Rf8 Kg7 53. Rf4 h3 54. Rh4 h2 55. Rh3 Rh6 56. Kxg3 Rxh3+ 0-1

[Event "Rome d'Inverno op 2nd"]
[Site "Rome"]
[Date "2006.02.05"]
[Round "5"]
[White "Macor, Carlo"]
[Black "Nicolai, Antonio"]
[Result "1-0"]
[WhiteElo "1892"]
[BlackElo "1804"]
[PlyCount "103"]
[EventDate "2006.02.03"]
[EventType "swiss"]
[EventRounds "5"]
[EventCountry "ITA"]
[SourceTitle "EXT 2007"]
[Source "ChessBase"]
[SourceDate "2006.11.23"]
[SourceVersion "1"]
[SourceVersionDate "2006.11.23"]
[SourceQuality "1"]

1. c4 e6 2. b3 Qf6 3. Nc3 Bc5 4. e3 a6 5. Bb2 Ba7 6. Qc2 Qe7 7. Nf3 Nf6 8. d4 d6 9. Bd3 h6 10. 0-0 Nbd7 11. b4 c5 12. dxc5 dxc5 13. b5 a5 14. Rfd1 b6 15. Ne4 Bb7 16. Ne5 Nxe5 17. Bxe5 Rd8 18. Nxf6+ gxf6 19. Bg3 f5 20. e4 Bb8 21. Bxb8 Rxb8 22. exf5 Qg5 23. Be4 Bxe4 24. Qxe4 Qxf5 25. Qxf5 exf5 26. Rd5 Ke7 27. Re1+ Kf6 28. Rd6+ Kg5 29. f3 Rhd8 30. Red1 Rxd6 31. Rxd6 h5 32. Kf2 f4 33. Rd5+ f5 34. g3 fxg3+ 35. hxg3 Rb7 36. Rd6 h4 37. f4+ Kh5 38. gxh4 Kxh4 39. Kf3 Kh5 40. Rf6 Rd7 41. Rxf5+ Kg6 42. Rd5 Rxd5 43. cxd5 Kf6 44. Ke4 Ke7 45. Ke5 Kd7 46. a4 Ke7 47. d6+ Kd7 48. Kd5 c4 49. Kxc4 Kxd6 50. f5 Ke5 51. f6 Kxf6 52. Kd5 1-0

[Event "Rome d'Inverno op 2nd"]
[Site "Rome"]
[Date "2006.02.03"]
[Round "1"]
[White "Nicolai, Antonio"]
[Black "Bellincampi, Stefano"]
[Result "0-1"]
[WhiteElo "1804"]
[BlackElo "2048"]
[PlyCount "94"]
[EventDate "2006.02.03"]
[EventType "swiss"]
[EventRounds "5"]
[EventCountry "ITA"]
[SourceTitle "EXT 2007"]
[Source "ChessBase"]
[SourceDate "2006.11.23"]
[SourceVersion "1"]
[SourceVersionDate "2006.11.23"]
[SourceQuality "1"]

1. d4 Nf6 2. Nd2 d5 3. c4 e6 4. e3 c5 5. Ngf3 Nc6 6. cxd5 Nxd5 7. Bb5 Nc7 8. Bxc6+ bxc6 9. dxc5 Ba6 10. Qa4 Bb5 11. Qd4 Na6 12. b4 Qxd4 13. Nxd4 Nxb4 14. a4 Nd3+ 15. Kf1 Ba6 16. Kg1 Bxc5 17. Ba3 Bxa3 18. Rxa3 Rb8 19. h4 0-0 20. Nxc6 Rb2 21. Ne4 f5 22. Rxd3 Bxd3 23. Ng5 a6 24. Nxe6 Rf6 25. Ncd4 Rh6 26. Rh3 Kf7 27. Nf4 Be4 28. f3 Bb1 29. Rh1 Rhb6 30. Nd5 Rd6 31. Nc3 Bd3 32. Kh2 f4 33. Rd1 Bc2 34. Rd2 fxe3 35. Rxc2 Rxc2 36. Nxc2 Rc6 37. Nxe3 Rxc3 38. Nd5 Rc4 39. g4 Rxa4 40. Kg2 Rd4 41. Nc3 Rc4 42. Nd5 a5 43. Ne3 Rc3 44. Nd5 Rb3 45. Nf4 a4 46. Ne2 a3 47. Nd4 Rb2+ 0-1